| 000 | 00452nam a22001457a 4500 | ||
|---|---|---|---|
| 082 | _aP665 | ||
| 100 |
_aHussam ali kamran ASC syn#14 _950973 |
||
| 245 |
_aImprovement in geometric design of M-1/M-2 interchange islamabad _bProject |
||
| 260 |
_aRisalpur, _bMCE, _c2016. |
||
| 300 |
_a115p. _bill. _c26cm. |
||
| 526 |
_a0 _b0 _c0 _dP_665_000000000000000 |
||
| 526 |
_a0 _b0 _c0 _dP_665_000000000000000 |
||
| 700 |
_aLt Col Dr Irfan _950974 |
||
| 942 |
_2ddc _cBK |
||
| 999 |
_c553715 _d553715 |
||